The Shattered helmet

Bibliographic Details
Main Author: Dixon, Franklin W
Format: Book
Published: New York : Grosset & Dunlap Publisher , 1996
Series:The Hardy Boys mystery stories
Subjects:

MARC

LEADER 00000cam a2200000 7i4500
001 0000016708
002 000018229
005 20030818.0
020 |a 0448089521 
090 0 0 |a JF   |b DIX 
100 1 |a Dixon, Franklin W 
245 1 4 |a The Shattered helmet   |c Franklin W. Dixon 
260 |a New York :   |b Grosset & Dunlap Publisher ,   |c 1996 
300 |a 180p. :   |b ill. ;   |c 19cm. 
490 0 |a The Hardy Boys mystery stories 
650 0 0 |a Detective and mystery stories 
999 |a 00062426   |b BUKU   |c PINJAMAN   |e PERPUSTAKAAN KOMUNITI PETALING JAYA 
999 |a 00062427   |b BUKU   |c PINJAMAN   |e PERPUSTAKAAN KOMUNITI PETALING JAYA 
999 |a 00154208   |b BUKU   |c PINJAMAN   |e PERPUSTAKAAN KOMUNITI PETALING JAYA 
999 |a 00156749   |b BUKU   |c PINJAMAN   |e PERPUSTAKAAN KOMUNITI PETALING JAYA